| 000 | 00701 a2200181 4500 | ||
|---|---|---|---|
| 020 | _a0521277035 | ||
| 020 | _a9780521277037 | ||
| 082 | 0 | 4 | _a530.11 |
| 090 |
_c875 _d875 |
||
| 100 | 1 | _aSchutz, Bernard F. | |
| 245 | 1 | 2 |
_aA first course in general relativity / _cBernard F. Schutz. |
| 260 |
_a[S.l.] : _bCambridge University Press, _c1985. |
||
| 300 |
_a392 p. ; _c23 cm. |
||
| 700 | _aSchutz, Bernard F. | ||
| 942 |
_aSNS _cBK _k530.11 SCH |
||
| 999 |
_c29498 _d29498 |
||